Joan Bardina Castara, destacado pedagógo catalán: su vida y obra en Chile

Uloženo v:
Podrobná bibliografie
Hlavní autor: Villagrán Garnham, Jorge (Autor)
Médium: Kniha
Jazyk:španělština
Vydáno: Valparaíso Universidad Católica de Valparaíso 1994
Edice:Serie Documentos
Témata:
Tagy: Přidat tag
Žádné tagy, Buďte první, kdo vytvoří štítek k tomuto záznamu!

MARC

LEADER 00000cam a2200000 a 4500
001 UCY2743
003 CL-VaPUC
008 941115e19940000CL |||||||||||||||||spa|d
082 0 4 |a 370.1  |b VIL  |2 21 
100 0 |a Villagrán Garnham, Jorge  |e author  |9 330818 
245 1 0 |a Joan Bardina Castara, destacado pedagógo catalán: su vida y obra en Chile 
300 |a 205 p 
942 |c BK 
945 |d 19941115 00:00:00  |a rbrito 
260 |a Valparaíso  |b Universidad Católica de Valparaíso  |c 1994 
600 0 |a Bardina Castará, Juan  |d 1877-1950  |9 330819 
650 0 |a Historia de la educación   |9 257642 
650 0 |a Crítica e interpretación   |9 255042 
650 7 |a DOCENTES PUCV  |2 CL-VaPUC  |9 330820 
651 7 |a CHILE  |2 CL-VaPUC  |9 330821 
583 |a last modification  |c 20150406 11:35:26  |k Rodrigo Vera 
490 0 |a Serie Documentos 
999 |c 231072  |d 231070 
952 |0 0  |1 0  |4 0  |6 370_100000000000000_VIL_1994  |7 0  |8 P  |9 233881  |a BIBEDU  |b BIBEDU  |c BIBEDU_PB  |d 2019-11-15  |i 303058K  |o 370.1 VIL 1994  |p 303058K  |r 2024-01-25  |w 2019-11-15  |y BK  |k EDU 
952 |0 0  |1 0  |4 0  |6 370_100000000000000_VIL_1994  |7 0  |8 P  |9 233882  |a BIBEDU  |b BIBEDU  |c BIBEDU_PB  |d 2019-11-15  |i 3030598  |o 370.1 VIL 1994  |p 3030598  |r 2024-01-25  |w 2019-11-15  |y BK  |k EDU 
952 |0 0  |1 0  |3 erb  |4 0  |6 370_100000000000000_VIL_1994  |7 0  |8 P  |9 233883  |a BIBEDU  |b BIBEDU  |c BIBEDU_PB  |i 515877K  |o 370.1 VIL 1994  |p 515877K  |r 2024-01-25  |w 2019-11-15  |y BK  |z Catalogado en:20150409  |k EDU 
952 |0 0  |1 0  |3 erb  |4 0  |6 370_100000000000000_VIL_1994  |7 0  |8 P  |9 233884  |a BIBEDU  |b BIBEDU  |c BIBEDU_PB  |i 5158761  |o 370.1 VIL 1994  |p 5158761  |r 2024-01-25  |w 2019-11-15  |y BK  |z Catalogado en:20150409  |k EDU 
952 |0 0  |1 0  |3 erb  |4 0  |6 370_100000000000000_VIL_1994  |7 0  |8 A  |9 233885  |a BIBDER  |b BIBDER  |i 5160421  |o 370.1 VIL 1994  |p 5160421  |r 2023-01-25  |w 2019-11-15  |y BK  |z Catalogado en:20150710  |k DER 
952 |0 0  |1 0  |3 erb  |4 0  |6 370_100000000000000_VIL_1994  |7 0  |8 DER_HDC  |9 233886  |a BIBDER  |b BIBDER  |i 5160413  |o 370.1 VIL 1994  |p 5160413  |r 2023-01-25  |w 2019-11-15  |x Ubicación 4to Piso  |y BK  |z Estos recursos deben solicitarse con anticipación  |k DER